Sports Quiz

Random Sports or Olympics Quiz

Cricket or Baseball? Quiz Stats

 Plays Quiz not verified by Sporcle

Also try: 600 Home Run Club
Challenge
Share
Tweet
Embed
Score 0/25 Timer 05:00
5 Plays Today
Question Answer Wrong Answers
Uses a wide, flat bat Cricket
94.6%
Baseball
2.3%
Both
1.6%
Neither
1.4%
Usually played on a diamond-shaped field. Baseball
82.9%
Cricket
0.9%
Both
4.8%
Neither
0.8%
One team bats while the other fields. Both
82.7%
Baseball
5.1%
Cricket
2.4%
Neither
0.1%
In some professional versions of the sport, games or matches commonly last several days. Cricket
72.6%
Baseball
2.1%
Both
2.7%
Neither
3.8%
Once the game begins, the team captain is in charge of strategy, rather than a coach or manager. Cricket
68.4%
Baseball
2.9%
Both
11%
Neither
5.2%
If a batter/batsman hits the ball and a fielder catches it in the air before it lands, the batter/batsman is 'out'. Both
64.8%
Baseball
11.7%
Cricket
5.4%
Neither
0.7%
After getting a hit, the batters/batsmen carry the bat with them when running. Cricket
64.6%
Baseball
2.7%
Both
4.5%
Neither
11.3%
The defensive player behind the batter/batsman is called the catcher. Baseball
62.5%
Cricket
1.8%
Both
17.8%
Neither
2.6%
The unit of scoring is called a 'run'. Both
60.9%
Baseball
18.4%
Cricket
12.2%
Neither
0.2%
A ball pitched/bowled too wide for the batter/batsman to hit it results in one run awarded as a penalty. Cricket
60.6%
Baseball
4.4%
Both
6.4%
Neither
10.4%
Team's turns at bat are called 'innings'. Both
56.1%
Baseball
25.2%
Cricket
7.6%
Neither
0.8%
Spectators may keep any ball that is hit into the stands. Baseball
55.8%
Cricket
2.1%
Both
15.9%
Neither
7%
Uses a leather-covered ball. Both
54.9%
Baseball
21.9%
Cricket
15.1%
Neither
1.7%
Field includes infield and outfield areas. Both
54.4%
Baseball
27.8%
Cricket
5.5%
Neither
0.7%
It will be contested at the 2020 Olympic games in Tokyo. Baseball
51.8%
Cricket
12.1%
Both
10.4%
Neither
6%
Once pitchers/bowlers are replaced, they ordinarily may not return to the game. Baseball
48.3%
Cricket
7.9%
Both
16.8%
Neither
10.4%
It was contested at the 1900 Olympic games in Paris. Cricket
42.4%
Baseball
17.9%
Both
10%
Neither
9.9%
A ball hit over the fence or boundary automatically results in the batter's/batman's team scoring three runs. Neither
39%
Baseball
15.5%
Cricket
24%
Both
2.6%
Deliberately hitting the batter/batsman with a pitched/bowled ball is acceptable. Cricket
38.4%
Baseball
7.6%
Both
7.4%
Neither
30.7%
Only fielders are allowed to wear gloves; batters/batsmen must bat bare-handed. Neither
36%
Baseball
28%
Cricket
17.2%
Both
5.6%
When batting, the batter/batsman stands next to a pentagonal base or plate. Baseball
35.5%
Cricket
25.7%
Both
20.6%
Neither
2.3%
Batting order is flexible. Cricket
31.5%
Baseball
4.8%
Both
26.4%
Neither
18.7%
Over 100 nations are members of its international sports federation (International Baseball Federation/International Cricket Council). Both
19.3%
Baseball
11.7%
Cricket
33.7%
Neither
15.7%
Bats are commonly made of pine or cedar. Neither
19%
Baseball
33.3%
Cricket
14.1%
Both
28.7%
Deliberately deceiving the batter/batsman after the ball has been hit is an accepted strategy Baseball
11.9%
Cricket
29.7%
Both
7.9%
Neither
31.1%

You're not logged in!

Compare scores with friends on all Sporcle quizzes.
Join for Free
OR
Log In

You Might Also Like...

Show Comments

Extras

Top Quizzes Today


Score Distribution

Your Account Isn't Verified!

In order to create a playlist on Sporcle, you need to verify the email address you used during registration. Go to your Sporcle Settings to finish the process.

Report this User

Report this user for behavior that violates our Community Guidelines.

Details: